000 00583nam a2200205Ia 4500
003 OSt
005 20250425171054.0
008 220927b |||||||| |||| 00| 0 eng d
020 _a9780143452133
040 _aSDCL
_cSDCL
_beng
041 _2eng
_aeng
084 _aS R0 LR
100 _aForoux, Darius
_9428558
245 0 _aThink straight :
_bChange your thoughts, change your life
260 _aGurgaon :
_bPenguin,
_c2020.
300 _aix-100p.
650 _aReference
942 _cGB
_2CC
_n0
999 _c745106
_d745106